00443nam a2200145Ia 4500003000400000005001700004008004100021020001800062040000900080082002500089100004800114245006900162260005700231300000900288OSt20201127153602.0190216s9999||||xx |||||||||||||| ||und|| a9788182663190 coclc a954.830088297bNAM/K aNamboodirippad, Mozhikunnathu Brahmadathan  0aKhilafath Smaranakal /cMozhikunnath Brahmadathan Namboodirippad bMathrubhumi Printing &publishing,c2015.aKozhikode: a176p